[Event "Chessemy Open 2022"]
[Site "Reinstorf"]
[Date "2022.02.06"]
[Round "9.20"]
[White "Eilenberg, Jonas"]
[Black "Ponomarev, Maximilian"]
[Result "1-0"]
[WhiteElo "2135"]
[BlackElo "2003"]
[Annotator "ChessBase"]
[PlyCount "53"]
[EventDate "2022.01.29"]
[EventType "swiss"]
[EventCountry "GER"]
[SourceTitle "playchess.com"]
[Source "ChessBase"]
[SourceQuality "1"]

1. d4 Nf6 2. Nf3 d5 3. e3 c5 4. c3 Nc6 5. dxc5 a5 6. Bb5 Bd7 7. a4 e6 8. b4 axb4 9. Bxc6 Bxc6 10. cxb4 b6 11. Bb2 bxc5 12. b5 Bb7 13. O-O Bd6 14. Nbd2 O-O 15. Qc2 Qc7 16. Rfe1 c4 17. Qc3 Qe7 18. Qc2 Rfc8 19. Bc3 Qd7 20. Reb1 Rcb8 21. h3 Ne8 22. Rd1 Nc7 23. Ng5 f5 24. Ngf3 Qe7 25. Ne5 Bb4 26. Ndf3 Ra5 27. Nd4 1-0

[Event "Chessemy Open 2022"]
[Site "Reinstorf"]
[Date "2022.02.06"]
[Round "9.21"]
[White "Chennaoui, Yasin"]
[Black "Poschadel, Andreas Gregor"]
[Result "1-0"]
[WhiteElo "2123"]
[BlackElo "1981"]
[Annotator "NA"]
[PlyCount "67"]
[EventDate "2022.01.29"]
[EventType "swiss"]
[EventCountry "GER"]
[SourceTitle "playchess.com"]
[Source "ChessBase"]
[SourceQuality "1"]

1. g3 Nf6 2. Bg2 d5 3. Nf3 Bg4 4. c4 Bxf3 5. Bxf3 c6 6. Qb3 Qd7 7. d4 e6 8. Bf4 Bd6 9. Bxd6 Qxd6 10. Qxb7 O-O 11. c5 Qd7 12. Qxa8 Na6 13. Qxf8+ Kxf8 14. Nc3 Qe7 15. O-O-O Qc7 16. e3 Qa5 17. Be2 Nc7 18. f3 Qb4 19. Kc2 e5 20. a3 Qa5 21. dxe5 Nd7 22. b4 Qxa3 23. Rb1 Na6 24. Bxa6 Qxa6 25. f4 Ke7 26. Rhd1 f6 27. e4 dxe4 28. e6 Kxe6 29. Rd6+ Ke7 30. b5 Qa3 31. bxc6 Nxc5 32. c7 Na4 33. c8=Q Nxc3 34. Qc7+ 1-0

[Event "Chessemy Open 2022"]
[Site "Reinstorf"]
[Date "2022.02.06"]
[Round "9.23"]
[White "Nyenhuis, Yannek"]
[Black "Kardoeus, David"]
[Result "0-1"]
[WhiteElo "1956"]
[BlackElo "2169"]
[Annotator "TA"]
[PlyCount "142"]
[EventDate "2022.01.29"]
[EventType "swiss"]
[EventCountry "GER"]
[SourceTitle "playchess.com"]
[Source "ChessBase"]
[SourceQuality "1"]

1. d4 Nf6 2. c4 c5 3. d5 e6 4. Nc3 exd5 5. cxd5 g6 6. e4 d6 7. Nf3 Bg7 8. Be2 O-O 9. O-O Nbd7 10. Bg5 h6 11. Bf4 Ne8 12. Qc2 Qe7 13. Rfe1 Ne5 14. Nd2 Bd7 15. a4 Nc7 16. Nc4 Rab8 17. Qd2 Kh7 18. Bxe5 Bxe5 19. f4 Bd4+ 20. Kh1 f6 21. Bf3 b5 22. axb5 Nxb5 23. Ra6 g5 24. Rea1 Rb7 25. Qd3 Kh8 26. e5 fxe5 27. fxe5 Bxe5 28. Ne4 g4 29. Be2 Rf4 30. Qe3 Kg7 31. g3 Rf8 32. Nxc5 Rc7 33. Nxd7 Rxd7 34. Nxe5 Nc7 35. Rxa7 dxe5 36. Qe4 h5 37. Bd3 Kh8 38. Bc4 Rf6 39. Re1 Kg7 40. Kg2 Qc5 41. Rb7 Re7 42. Bd3 Kf8 43. Rb8+ Ne8 44. Rf1 Rxf1 45. Bxf1 Rf7 46. Qb4 Rf2+ 47. Kg1 Qxb4 48. Rxb4 Rd2 49. Bg2 Nd6 50. b3 Ke7 51. Be4 Nxe4 52. Rxe4 Kd6 53. Ra4 Kxd5 54. Ra8 Rd1+ 55. Kf2 Ke4 56. Rh8 Rd2+ 57. Kg1 Rd1+ 58. Kf2 Rd2+ 59. Kg1 Kf3 60. Rf8+ Ke2 61. Re8 Rd5 62. Re7 Ke3 63. Kf1 e4 64. b4 Rf5+ 65. Kg2 Rb5 66. Rh7 Ke2 67. Rh8 e3 68. Rh7 Ke1 69. Re7 e2 70. Rh7 Rd5 71. Re7 Kd2 0-1

[Event "Chessemy Open 2022"]
[Site "Reinstorf"]
[Date "2022.02.06"]
[Round "9.24"]
[White "Mueller, Christian"]
[Black "Germer, Philipp"]
[Result "0-1"]
[WhiteElo "2219"]
[BlackElo "2132"]
[Annotator "ChessBase"]
[PlyCount "38"]
[EventDate "2022.01.29"]
[EventType "swiss"]
[EventCountry "GER"]
[SourceTitle "playchess.com"]
[Source "ChessBase"]
[SourceQuality "1"]

1. e4 e5 2. Nf3 Nc6 3. Bc4 Nf6 4. Ng5 d5 5. exd5 Na5 6. Bb5+ Bd7 7. Qe2 Be7 8. O-O Nxd5 9. Nf3 c6 10. Ba4 b5 11. Bb3 Nxb3 12. axb3 Bg4 13. h3 Bh5 14. g4 Nf4 15. Qxe5 Nxh3+ 16. Kg2 Bxg4 17. Qg3 h5 18. Nh2 g5 19. Nxg4 Nf4+ 0-1

[Event "Chessemy Open 2022"]
[Site "Reinstorf"]
[Date "2022.02.06"]
[Round "9.25"]
[White "Lehaci, Miruna-Daria"]
[Black "Klaska, Philipp Leon"]
[Result "1-0"]
[WhiteElo "2200"]
[BlackElo "1831"]
[Annotator "ChessBase"]
[PlyCount "41"]
[EventDate "2022.01.29"]
[EventType "swiss"]
[EventCountry "GER"]
[SourceTitle "playchess.com"]
[Source "ChessBase"]
[SourceQuality "1"]

1. d4 d5 2. Bf4 Nf6 3. e3 c5 4. Nc3 Qb6 5. Nb5 Na6 6. a4 e6 7. Nf3 c4 8. Ne5 Be7 9. c3 Bd7 10. Nxd7 Nxd7 11. b3 cxb3 12. Qxb3 O-O 13. Be2 Rfc8 14. O-O Qc6 15. Rfc1 Nab8 16. Nc7 Rxc7 17. Bb5 Qb6 18. a5 Rxc3 19. Rxc3 Qd8 20. Rac1 Nc6 21. a6 1-0

[Event "Chessemy Open 2022"]
[Site "Reinstorf"]
[Date "2022.02.06"]
[Round "9.26"]
[White "De Winter, Arthur"]
[Black "Pohle, Saskia"]
[Result "1-0"]
[WhiteElo "2122"]
[BlackElo "1824"]
[Annotator "ChessBase"]
[PlyCount "69"]
[EventDate "2022.01.29"]
[EventType "swiss"]
[EventCountry "GER"]
[SourceTitle "playchess.com"]
[Source "ChessBase"]
[SourceQuality "1"]

1. e4 e5 2. Nf3 Nc6 3. Bb5 a6 4. Ba4 Nf6 5. O-O Be7 6. Re1 b5 7. Bb3 O-O 8. c3 d5 9. d4 dxe4 10. Nxe5 Bb7 11. Bg5 Nxe5 12. dxe5 Nd7 13. Bf4 Nc5 14. Qg4 Nxb3 15. axb3 Re8 16. Nd2 Bd5 17. Rad1 Qc8 18. Qe2 f5 19. exf6 Bxf6 20. c4 Bc6 21. Nf1 Ra7 22. Ne3 Qe6 23. Rd2 Be5 24. Bxe5 Qxe5 25. Red1 Raa8 26. Rd4 Kh8 27. h3 Rab8 28. Qd2 h6 29. Ng4 Qe6 30. Ra1 Ba8 31. c5 Qxb3 32. Rxa6 c6 33. Rd7 Qe6 34. Raa7 Rg8 35. Qxh6+ 1-0

[Event "Chessemy Open 2022"]
[Site "Reinstorf"]
[Date "2022.02.06"]
[Round "9.27"]
[White "Marcinczyk, Monika"]
[Black "Zimmermann, Luc"]
[Result "0-1"]
[WhiteElo "2020"]
[BlackElo "2120"]
[Annotator "ChessBase"]
[PlyCount "68"]
[EventDate "2022.01.29"]
[EventType "swiss"]
[EventCountry "GER"]
[SourceTitle "playchess.com"]
[Source "ChessBase"]
[SourceQuality "1"]

1. e4 e6 2. d4 d5 3. Nd2 Be7 4. Ngf3 Nf6 5. e5 Nfd7 6. Bd3 c5 7. c3 Nc6 8. b3 Qb6 9. Bb2 a5 10. a4 cxd4 11. cxd4 Nb4 12. Bb5 O-O 13. O-O Nb8 14. Bc3 Bd7 15. Bxb4 Bxb4 16. Bd3 h6 17. Nb1 Nc6 18. Bc2 Rfc8 19. Qd3 g6 20. Qe3 Bf8 21. Na3 Nb4 22. Bb1 Qc7 23. Ne1 Qc3 24. Nac2 Qxe3 25. fxe3 Rc3 26. Nxb4 Bxb4 27. e4 Bc6 28. Bc2 dxe4 29. Rf4 e3 30. Rb1 Rc8 31. Kf1 Bd5 32. Bd1 Rc1 33. Rxc1 Rxc1 34. Ke2 Bxe1 0-1

[Event "Chessemy Open 2022"]
[Site "Reinstorf"]
[Date "2022.02.06"]
[Round "9.27"]
[White "Zhou, Leyi Charlotte"]
[Black "Hildebrand, Georg"]
[Result "0-1"]
[WhiteElo "1240"]
[BlackElo "1482"]
[Annotator "NA"]
[PlyCount "52"]
[EventDate "2022.01.29"]
[EventType "swiss"]
[EventCountry "GER"]
[SourceTitle "playchess.com"]
[Source "ChessBase"]
[SourceQuality "1"]

1. e4 d5 2. exd5 Nf6 3. Nc3 e6 4. d4 exd5 5. Nf3 c6 6. Be2 Bd6 7. O-O O-O 8. Re1 Qc7 9. h3 Bf4 10. Bxf4 Qxf4 11. Ne5 Nbd7 12. Bd3 Re8 13. Nxd7 Bxd7 14. Ne2 Qh6 15. c3 Re7 16. Qc2 Rae8 17. Kf1 Ne4 18. Bxe4 Rxe4 19. Qb3 Bc8 20. Qa4 a6 21. Qa5 Qe6 22. c4 Rxe2 23. Red1 Qf6 24. f3 Bxh3 25. Qc7 Qxf3+ 26. Kg1 Qxg2# 0-1

[Event "Chessemy Open 2022"]
[Site "Reinstorf"]
[Date "2022.02.06"]
[Round "9.28"]
[White "Gressmann, Moritz"]
[Black "Zhou, Lepu Coco"]
[Result "1-0"]
[WhiteElo "2114"]
[BlackElo "1819"]
[Annotator "ChessBase"]
[PlyCount "53"]
[EventDate "2022.01.29"]
[EventType "swiss"]
[EventCountry "GER"]
[SourceTitle "playchess.com"]
[Source "ChessBase"]
[SourceQuality "1"]

1. d4 d5 2. Nf3 Nf6 3. e3 e6 4. Bd3 c5 5. b3 cxd4 6. exd4 Bd6 7. Bb2 O-O 8. O-O b6 9. Qe2 Nc6 10. a3 Qc7 11. Nbd2 Ne7 12. Ne5 Ng6 13. f4 Nd7 14. Rae1 Ndxe5 15. dxe5 Be7 16. Qh5 f5 17. exf6 Bxf6 18. Be5 Bxe5 19. fxe5 Rxf1+ 20. Kxf1 Nf8 21. Nf3 a5 22. b4 axb4 23. axb4 h6 24. Kg1 Qc3 25. Rf1 Ra1 26. Ne1 Qc7 27. Qe8 1-0

[Event "Chessemy Open 2022"]
[Site "Reinstorf"]
[Date "2022.02.06"]
[Round "9.28"]
[White "Mohammadi, Sholeh"]
[Black "Zoellner, Bente"]
[Result "0-1"]
[WhiteElo "1162"]
[BlackElo "1562"]
[Annotator "NA"]
[PlyCount "116"]
[EventDate "2022.01.29"]
[EventType "swiss"]
[EventCountry "GER"]
[SourceTitle "playchess.com"]
[Source "ChessBase"]
[SourceQuality "1"]

1. c4 Nf6 2. d4 c5 3. Nf3 cxd4 4. Nxd4 Nc6 5. Nxc6 bxc6 6. Nc3 g6 7. Bg5 Bg7 8. Bxf6 Bxf6 9. Rc1 O-O 10. e3 Rb8 11. b3 d6 12. Be2 Qa5 13. Qd2 Rd8 14. O-O d5 15. Qc2 Bxc3 16. Qxc3 Qxa2 17. Rc2 Qxb3 18. cxd5 Bf5 19. Rcc1 Qxc3 20. Rxc3 cxd5 21. Rc7 Rd7 22. Rc5 d4 23. Bb5 Rdb7 24. Bc6 Rb1 25. e4 Be6 26. Bd5 Bxd5 27. exd5 d3 28. Rcc1 Rxc1 29. Rxc1 Rb5 30. Kf1 Rxd5 31. Rd1 e5 32. Ke1 e4 33. Kd2 f5 34. g3 Kf7 35. Ra1 a5 36. Ra4 Ke6 37. Rc4 Ke5 38. f4+ exf3 39. Rf4 g5 40. Rxf3 f4 41. g4 Ke4 42. Rh3 f3 43. Rxh7 Kf4 44. h3 f2 45. Rf7+ Kg3 46. Rf6 Kg2 47. Rf5 Rxf5 48. gxf5 f1=Q 49. h4 gxh4 50. f6 Qxf6 51. Kxd3 Qe5 52. Kc4 Kf3 53. Kd3 Qe4+ 54. Kc3 a4 55. Kd2 Qc4 56. Kd1 Qa2 57. Kc1 Ke3 58. Kd1 Qb1# 0-1

[Event "Chessemy Open 2022"]
[Site "Reinstorf"]
[Date "2022.02.06"]
[Round "9.29"]
[White "Sommer, Justus"]
[Black "Oest, Thorsten"]
[Result "1-0"]
[WhiteElo "1821"]
[BlackElo "2111"]
[Annotator "ChessBase"]
[PlyCount "75"]
[EventDate "2022.01.29"]
[EventType "swiss"]
[EventCountry "GER"]
[SourceTitle "playchess.com"]
[Source "ChessBase"]
[SourceQuality "1"]

1. e4 c5 2. c3 Nf6 3. e5 Nd5 4. d4 cxd4 5. Nf3 e6 6. cxd4 d6 7. Bd3 Nc6 8. a3 Qc7 9. exd6 Bxd6 10. O-O Nce7 11. Nbd2 Ng6 12. Nc4 Be7 13. Nce5 O-O 14. Bd2 Bd7 15. Rc1 Qd8 16. Bb1 Rc8 17. Qe2 a6 18. Nxd7 Qxd7 19. Qd3 Rxc1 20. Bxc1 Rd8 21. Re1 Nf6 22. Qd2 Qd5 23. b4 Rc8 24. Bb2 Rd8 25. Qe3 Bd6 26. Ne5 Bxe5 27. dxe5 Ng4 28. Qh3 N4xe5 29. Bxe5 Qxe5 30. Rf1 Qe2 31. Bxg6 hxg6 32. Qb3 Rd3 33. Qc4 b5 34. Qc1 Rd2 35. g3 Rc2 36. Qf4 e5 37. Qg5 Rd2 38. Qe7 1-0

[Event "Chessemy Open 2022"]
[Site "Reinstorf"]
[Date "2022.02.06"]
[Round "9.30"]
[White "Gressmann, Hanna"]
[Black "Ermitsch, Michael"]
[Result "1/2-1/2"]
[WhiteElo "1892"]
[BlackElo "2103"]
[Annotator "NA"]
[PlyCount "27"]
[EventDate "2022.01.29"]
[EventType "swiss"]
[EventCountry "GER"]
[SourceTitle "playchess.com"]
[Source "ChessBase"]
[SourceQuality "1"]

1. d4 Nf6 2. c4 e6 3. Nf3 c5 4. e3 d5 5. Nbd2 Nc6 6. dxc5 Bxc5 7. a3 a5 8. Be2 O-O 9. O-O Ba7 10. b3 e5 11. cxd5 Nxd5 12. Bb2 f6 13. Ne4 Be6 14. Bc4 1/2-1/2

[Event "Chessemy Open 2022"]
[Site "Reinstorf"]
[Date "2022.02.06"]
[Round "9.31"]
[White "Klein, Gernot"]
[Black "Monninger, Moritz"]
[Result "0-1"]
[WhiteElo "1862"]
[BlackElo "2064"]
[Annotator "ChessBase"]
[PlyCount "86"]
[EventDate "2022.01.29"]
[EventType "swiss"]
[EventCountry "GER"]
[SourceTitle "playchess.com"]
[Source "ChessBase"]
[SourceQuality "1"]

1. e4 e6 2. Qe2 Nc6 3. Nf3 e5 4. c3 Nf6 5. d3 d5 6. Qc2 a5 7. a4 h6 8. Be2 Bc5 9. O-O O-O 10. Nbd2 Be6 11. exd5 Nxd5 12. Ne4 Bb6 13. Bd2 Qe7 14. Rad1 Rad8 15. Bc1 f5 16. Ng3 Qf7 17. Qb1 Nf6 18. Nh4 Ne7 19. Rde1 g5 20. Nf3 Ng6 21. Bd1 f4 22. Ne4 Nxe4 23. dxe4 g4 24. Nd2 g3 25. Re2 Bxf2+ 26. Kh1 Nh4 27. Rexf2 gxf2 28. Rxf2 Kh7 29. Be2 Qd7 30. Qc2 Bg4 31. Bc4 f3 32. g3 Ng2 33. Qd1 Qc6 34. b3 Qc5 35. Qg1 Ne3 36. h4 Nxc4 37. Nxc4 Rd1 38. Qxd1 Qxf2 39. Qd2 Qf1+ 40. Kh2 Qh3+ 41. Kg1 f2+ 42. Qxf2 Rxf2 43. Kxf2 Qh2+ 0-1

[Event "Chessemy Open 2022"]
[Site "Reinstorf"]
[Date "2022.02.06"]
[Round "9.32"]
[White "Milovs, Daniels"]
[Black "Bischoff, Ulrich"]
[Result "1/2-1/2"]
[WhiteElo "1842"]
[BlackElo "1994"]
[Annotator "TA"]
[PlyCount "126"]
[EventDate "2022.01.29"]
[EventType "swiss"]
[EventCountry "GER"]
[SourceTitle "playchess.com"]
[Source "ChessBase"]
[SourceQuality "1"]

1. e4 e5 2. Nf3 Nf6 3. Nxe5 d6 4. Nf3 Nxe4 5. Nc3 Nxc3 6. dxc3 Be7 7. Be3 Nc6 8. Qd2 Be6 9. O-O-O Qd7 10. Kb1 a6 11. Bd3 h6 12. h3 O-O-O 13. Qe2 Ne5 14. Nd4 Nxd3 15. Qxd3 Bf6 16. c4 Rhe8 17. Rhe1 Re7 18. f4 Qe8 19. Bf2 Bd7 20. Nf5 Rxe1 21. Rxe1 Qf8 22. Ne3 Re8 23. Nd5 Rxe1+ 24. Bxe1 Qe8 25. Bf2 Bd8 26. a3 g6 27. Nc3 h5 28. Qd4 Qe6 29. Qd5 c6 30. Qxe6 Bxe6 31. b3 c5 32. Ne4 Kd7 33. Kc1 Bf5 34. Nc3 Ke6 35. Nd5 Be4 36. Ne3 Bf6 37. Kd2 h4 38. Ng4 Bb2 39. Ne3 Bd4 40. Bxh4 Bxe3+ 41. Kxe3 Bxg2 42. Bd8 Bxh3 43. Bc7 Bf5 44. c3 Kd7 45. Bb6 Be6 46. Kd3 Bf5+ 47. Ke3 Bc2 48. b4 Bb3 49. bxc5 Bxc4 50. cxd6 Kxd6 51. Kd4 Bd5 52. a4 Bc6 53. a5 Ke6 54. Bc7 Kf5 55. Ke3 f6 56. Bd8 g5 57. fxg5 fxg5 58. Bc7 Kg4 59. Kf2 Bd5 60. Bd6 Kh3 61. Bc7 g4 62. Bf4 Kh4 63. Bd6 Kh3 1/2-1/2

[Event "Chessemy Open 2022"]
[Site "Reinstorf"]
[Date "2022.02.06"]
[Round "9.33"]
[White "Acarbay, Algi"]
[Black "Reichmann, Felix"]
[Result "1-0"]
[WhiteElo "1992"]
[BlackElo "1807"]
[Annotator "NA"]
[PlyCount "77"]
[EventDate "2022.01.29"]
[EventType "swiss"]
[EventCountry "GER"]
[SourceTitle "playchess.com"]
[Source "ChessBase"]
[SourceQuality "1"]

1. e4 c5 2. Nf3 g6 3. d4 cxd4 4. Qxd4 Nf6 5. Nc3 Nc6 6. Qa4 d6 7. e5 dxe5 8. Nxe5 Qd4 9. Nxc6 Qxa4 10. Nxa4 bxc6 11. b3 e5 12. Bb2 Bb4+ 13. c3 Bd6 14. f3 Bf5 15. Ba6 Kd7 16. O-O-O Kc7 17. c4 Rae8 18. g4 Nxg4 19. fxg4 Bxg4 20. Rde1 f6 21. Rhf1 Bf5 22. c5 Bf8 23. Bc3 h5 24. Kb2 h4 25. Rf4 Bg7 26. Ba5+ Kd7 27. Rb4 Rb8 28. Rd1+ Ke7 29. Bb7 Bd7 30. Bc7 Rbe8 31. Bd6+ Ke6 32. Ba6 Rh7 33. Bc4+ Kf5 34. Rf1+ Kg5 35. Rg1+ Kh6 36. Be6 e4 37. Bxd7 f5+ 38. Kc2 Bc3 39. Bf4+ 1-0

[Event "Chessemy Open 2022"]
[Site "Reinstorf"]
[Date "2022.02.06"]
[Round "9.36"]
[White "Ziese, Gerhard"]
[Black "Wronn, Bernd"]
[Result "0-1"]
[WhiteElo "1876"]
[BlackElo "2178"]
[Annotator "ChessBase"]
[PlyCount "30"]
[EventDate "2022.01.29"]
[EventType "swiss"]
[EventCountry "GER"]
[SourceTitle "playchess.com"]
[Source "ChessBase"]
[SourceQuality "1"]

1. d4 d5 2. c4 Bf5 3. Nc3 e6 4. Nf3 Nc6 5. Bf4 Bd6 6. Bg3 Nf6 7. e3 O-O 8. Rc1 Ne4 9. Nxe4 Bxe4 10. c5 Bxg3 11. hxg3 Qf6 12. Bd3 e5 13. Bxe4 dxe4 14. dxe5 Nxe5 15. Nd4 Nd3+ 0-1

[Event "Chessemy Open 2022"]
[Site "Reinstorf"]
[Date "2022.02.06"]
[Round "9.37"]
[White "Pfau, Beate"]
[Black "Wilmink, Anna"]
[Result "1-0"]
[WhiteElo "2034"]
[BlackElo "1696"]
[Annotator "NA"]
[PlyCount "72"]
[EventDate "2022.01.29"]
[EventType "swiss"]
[EventCountry "GER"]
[SourceTitle "playchess.com"]
[Source "ChessBase"]
[SourceQuality "1"]

1. c4 e5 2. g3 Nf6 3. Bg2 Bc5 4. e3 O-O 5. Ne2 c6 6. O-O d5 7. d4 exd4 8. exd4 Bb6 9. cxd5 Nxd5 10. Nbc3 Be6 11. Na4 Ba5 12. Nc5 Qc8 13. Nxe6 Qxe6 14. Nf4 Nxf4 15. Bxf4 Rd8 16. Qa4 Bb6 17. Rfe1 Qf6 18. Be5 Qf5 19. Be4 Qd7 20. Qc2 h6 21. Rad1 Na6 22. a3 Nc7 23. Bf5 Qd5 24. Re4 Ne8 25. Ree1 Nc7 26. Bd3 Re8 27. Bc4 Qd7 28. Qg6 Rxe5 29. dxe5 Qe7 30. Qd6 Qg5 31. Qd2 Qe7 32. Qe2 Re8 33. Kg2 Qc5 34. b4 Qe7 35. f4 g6 36. Qg4 Ne6 1-0

[Event "Chessemy Open 2022"]
[Site "Reinstorf"]
[Date "2022.02.06"]
[Round "9.38"]
[White "Sistig, Max"]
[Black "Anderberg, Peter"]
[Result "1/2-1/2"]
[WhiteElo "1846"]
[BlackElo "2003"]
[Annotator "ChessBase"]
[PlyCount "36"]
[EventDate "2022.01.29"]
[EventType "swiss"]
[EventCountry "GER"]
[SourceTitle "playchess.com"]
[Source "ChessBase"]
[SourceQuality "1"]

1. d4 d5 2. c4 e6 3. Nc3 Nf6 4. cxd5 exd5 5. Bg5 Be7 6. e3 O-O 7. Bd3 h6 8. Bh4 Re8 9. Nge2 Nbd7 10. O-O c6 11. Qc2 Nh5 12. Bxe7 Qxe7 13. Rae1 Nb6 14. Ng3 Nxg3 15. hxg3 Bd7 16. f3 c5 17. dxc5 Qxc5 18. Qf2 Re7 1/2-1/2

[Event "Chessemy Open 2022"]
[Site "Reinstorf"]
[Date "2022.02.06"]
[Round "9.39"]
[White "Pellicoro, Nathalie"]
[Black "Schell, Franz Juergen"]
[Result "1-0"]
[WhiteElo "1835"]
[BlackElo "1969"]
[Annotator "NA"]
[PlyCount "45"]
[EventDate "2022.01.29"]
[EventType "swiss"]
[EventCountry "GER"]
[SourceTitle "playchess.com"]
[Source "ChessBase"]
[SourceQuality "1"]

1. e4 c5 2. Nf3 e6 3. b3 d6 4. Bb2 Nf6 5. e5 dxe5 6. Nxe5 Be7 7. Bb5+ Nbd7 8. O-O O-O 9. f4 a6 10. Bd3 Qc7 11. Qf3 b5 12. Qh3 g6 13. Na3 Re8 14. Rae1 Bf8 15. Nxd7 Nxd7 16. f5 Nb6 17. fxg6 fxg6 18. Bxg6 Re7 19. Be5 Qd7 20. Re3 Qxd2 21. Rg3 h6 22. Bf7+ Kh7 23. Bg8# 1-0

[Event "Chessemy Open 2022"]
[Site "Reinstorf"]
[Date "2022.02.06"]
[Round "9.40"]
[White "Alquist, Erik"]
[Black "Steuer, Christopher"]
[Result "1-0"]
[WhiteElo "1965"]
[BlackElo "1574"]
[Annotator "NA"]
[PlyCount "53"]
[EventDate "2022.01.29"]
[EventType "swiss"]
[EventCountry "GER"]
[SourceTitle "playchess.com"]
[Source "ChessBase"]
[SourceQuality "1"]

1. e4 c6 2. d4 d5 3. e5 Bf5 4. h4 h5 5. Bd3 Bxd3 6. Qxd3 e6 7. Nf3 c5 8. c4 Qa5+ 9. Nc3 cxd4 10. Nxd4 dxc4 11. Qxc4 Qxe5+ 12. Be3 Ne7 13. O-O Nec6 14. Ndb5 a6 15. Bf4 axb5 16. Nxb5 Qc5 17. Nc7+ Kd7 18. Rfd1+ Kc8 19. Nxa8 Qa5 20. Nc7 e5 21. Ne6 exf4 22. Nxf4 Qf5 23. Rac1 Be7 24. b4 Bxb4 25. Qxb4 Re8 26. Nd5 Re5 27. Ne7+ 1-0

[Event "Chessemy Open 2022"]
[Site "Reinstorf"]
[Date "2022.02.06"]
[Round "9.41"]
[White "Linnemann, Caspar"]
[Black "Goh, Choon Keng Philip"]
[Result "1/2-1/2"]
[WhiteElo "1754"]
[BlackElo "1960"]
[Annotator "NA"]
[PlyCount "125"]
[EventDate "2022.01.29"]
[EventType "swiss"]
[EventCountry "GER"]
[SourceTitle "playchess.com"]
[Source "ChessBase"]
[SourceQuality "1"]

1. e4 d5 2. exd5 Qxd5 3. Nc3 Qd8 4. d4 Nf6 5. h3 e6 6. Nf3 a6 7. Be2 Be7 8. O-O O-O 9. Bf4 Nc6 10. Re1 Re8 11. a3 Nd5 12. Nxd5 exd5 13. Bd3 h6 14. c3 Be6 15. Bc2 Bg5 16. Nxg5 hxg5 17. Be3 g4 18. hxg4 Qh4 19. f3 g6 20. Qd2 f5 21. gxf5 gxf5 22. Re2 Kf7 23. Bg5 Qg3 24. Qf4 Qxf4 25. Bxf4 Bd7 26. Rxe8 Rxe8 27. Kf2 Rh8 28. Bxc7 Nxd4 29. cxd4 Rc8 30. Bb3 Rxc7 31. Bxd5+ Kf6 32. Bb3 a5 33. Re1 a4 34. Ba2 Rc2+ 35. Re2 Rc1 36. Rd2 f4 37. g3 fxg3+ 38. Kxg3 Ke7 39. Bd5 b6 40. Be4 Kd6 41. Kf4 Rf1 42. Ke3 Rc1 43. Rh2 Bb5 44. Kd2 Rf1 45. Rh6+ Kc7 46. Rh2 Kd6 47. Rh6+ Kc7 48. Rh7+ Kd6 49. Rb7 Bc4 50. Rxb6+ Ke7 51. Rb4 Bb3 52. Rb7+ Kd6 53. Rb8 Rf2+ 54. Kc3 Bd1 55. Rf8 Ke7 56. Rf5 Ke6 57. d5+ Ke7 58. Re5+ Kd7 59. Rf5 Ke7 60. Re5+ Kd7 61. Rh5 Bb3 62. Rh7+ Kd6 63. Rh6+ 1/2-1/2

[Event "Chessemy Open 2022"]
[Site "Reinstorf"]
[Date "2022.02.06"]
[Round "9.42"]
[White "Klemm, Robert"]
[Black "Borkhardt, Arndt"]
[Result "1/2-1/2"]
[WhiteElo "1793"]
[BlackElo "1940"]
[Annotator "ChessBase"]
[PlyCount "82"]
[EventDate "2022.01.29"]
[EventType "swiss"]
[EventCountry "GER"]
[SourceTitle "playchess.com"]
[Source "ChessBase"]
[SourceQuality "1"]

1. d4 d5 2. Nf3 Nf6 3. g3 e6 4. Bg2 Be7 5. O-O O-O 6. c4 dxc4 7. Qa4 a6 8. Qxc4 b5 9. Qc2 Bb7 10. Nbd2 Nc6 11. e3 Nb4 12. Qb3 c5 13. dxc5 Bxc5 14. a3 Nc6 15. Rd1 Qe7 16. Qc2 Rac8 17. Nf1 e5 18. b4 Bb6 19. Qb1 h6 20. Bb2 Rfe8 21. h3 Qe6 22. Nxe5 Nxe5 23. Bxb7 Rc7 24. Bg2 Nc4 25. Bd4 Rec8 26. g4 Bxd4 27. exd4 Nd5 28. Qe4 Qxe4 29. Bxe4 Nc3 30. Re1 Nxe4 31. Rxe4 Nd6 32. Re5 Rc3 33. Rc5 Rd3 34. d5 Rd8 35. Ne3 Nc4 36. Nf5 Rd7 37. a4 g6 38. axb5 gxf5 39. Rxc4 axb5 40. Rc5 R7xd5 41. Rxd5 Rxd5 1/2-1/2

[Event "Chessemy Open 2022"]
[Site "Reinstorf"]
[Date "2022.02.06"]
[Round "9.43"]
[White "Schulze, Tim"]
[Black "Lau, Felix"]
[Result "1/2-1/2"]
[WhiteElo "1578"]
[BlackElo "1927"]
[Annotator "ChessBase"]
[PlyCount "69"]
[EventDate "2022.01.29"]
[EventType "swiss"]
[EventCountry "GER"]
[SourceTitle "playchess.com"]
[Source "ChessBase"]
[SourceQuality "1"]

1. d4 d5 2. c4 e6 3. Nf3 c6 4. Nc3 dxc4 5. a4 Bb4 6. e3 b5 7. axb5 cxb5 8. Bd2 Bxc3 9. Bxc3 a5 10. b3 Bb7 11. bxc4 b4 12. Bd2 Nf6 13. Bd3 O-O 14. O-O Nbd7 15. Qe2 Ne4 16. Rfb1 Nxd2 17. Nxd2 Nf6 18. Nb3 Ne4 19. Rc1 Qc7 20. f3 Nc3 21. Rxc3 bxc3 22. Qc2 a4 23. Nc5 Bc6 24. Bxh7+ Kh8 25. Bd3 Qa5 26. Qf2 g6 27. Qg3 Be8 28. Qh4+ Kg8 29. Qh6 Ra7 30. Ne4 f6 31. g4 Rg7 32. Nc5 Re7 33. Bxg6 Bxg6 34. Nxe6 Rxe6 35. Qxg6+ 1/2-1/2

[Event "Chessemy Open 2022"]
[Site "Reinstorf"]
[Date "2022.02.06"]
[Round "9.44"]
[White "Rotaermel, Leonie"]
[Black "Milde, Lars"]
[Result "0-1"]
[WhiteElo "1427"]
[BlackElo "1926"]
[Annotator "ChessBase"]
[PlyCount "58"]
[EventDate "2022.01.29"]
[EventType "swiss"]
[EventCountry "GER"]
[SourceTitle "playchess.com"]
[Source "ChessBase"]
[SourceQuality "1"]

1. e4 d5 2. exd5 Qxd5 3. Nc3 Qa5 4. d4 Nf6 5. Nf3 Bf5 6. Bd3 Bxd3 7. Qxd3 e6 8. Bd2 Bb4 9. Qb5+ Qxb5 10. Nxb5 Bxd2+ 11. Nxd2 Kd7 12. Nc3 Nc6 13. O-O-O Rad8 14. Nde4 Nxe4 15. Nxe4 Kc8 16. c3 Rd5 17. f4 h6 18. g3 Rhd8 19. Nd2 b5 20. b4 a5 21. a3 axb4 22. axb4 f6 23. Nf3 e5 24. dxe5 fxe5 25. Rxd5 Rxd5 26. fxe5 Rd3 27. Rf1 Rxc3+ 28. Kb2 Re3 29. Rf2 Nxb4 0-1

[Event "Chessemy Open 2022"]
[Site "Reinstorf"]
[Date "2022.02.06"]
[Round "9.46"]
[White "Lehmann, Simon"]
[Black "Jalving, August"]
[Result "0-1"]
[WhiteElo "1322"]
[BlackElo "1835"]
[Annotator "NA"]
[PlyCount "64"]
[EventDate "2022.01.29"]
[EventType "swiss"]
[EventCountry "GER"]
[SourceTitle "playchess.com"]
[Source "ChessBase"]
[SourceQuality "1"]

1. d4 Nf6 2. Bf4 g6 3. Nf3 Bg7 4. e3 d5 5. Bd3 O-O 6. O-O Nh5 7. Bg3 Nxg3 8. hxg3 c5 9. c3 c4 10. Bc2 Nc6 11. Nbd2 Bg4 12. e4 e6 13. Re1 f5 14. exd5 exd5 15. Qe2 f4 16. b3 fxg3 17. fxg3 cxb3 18. Bxb3 Qd6 19. Qe4 Bxf3 20. Nxf3 Qxg3 21. Bxd5+ Kh8 22. Bxc6 bxc6 23. Re3 Rf4 24. Qxc6 Raf8 25. Rf1 g5 26. Re2 g4 27. Nd2 Rxf1+ 28. Nxf1 Qf4 29. Nd2 g3 30. Qd7 Qh6 31. Qh3 Qd6 32. Ne4 Bxd4+ 0-1